Statistics for Hated Musical Acts

Click here to take the quiz!

General Stats

  • This quiz has been taken 28,035 times
  • The average score is 7 of 16

Answer Stats

DescriptionMusical Act% Correct
This Canadian parlayed 40 million Twitter followers into a career as an underwear modelJustin Bieber
95%
He beat up RihannaChris Brown
84%
She broke up the BeatlesYoko Ono
73%
Apple polluted our music collection by automatically downloading their latest albumU2
68%
This Chicago rapper is a musical genius, a fact about which he never ceases to remind usKanye West
66%
This Canadian band is so hated that 55,000 people signed a petition against
their performing at a football game
Nickelback
49%
It's cool to hate this group known for their one song "All Star"Smash Mouth
49%
These male models got busted for lip-synching in 1989Milli Vanilli
43%
Maybe we're jealous that this singer-songwriter has dated Taylor Swift, Katy Perry,
Jennifer Aniston, and Jessica Simpson
John Mayer
41%
This smooth jazzing saxophonist is the epitome of elevator musicKenny G
32%
To the extreme, he'll wax a chump like a candleVanilla Ice
26%
The followers of this nu metal band "Broke Stuff" at Woodstock 1999Limp Bizkit
24%
For my money, it doesn't get much better than when he sings "When a Man Loves a Woman"Michael Bolton
24%
This hardcore duo dress up like the Joker and spray Faygo everywhereInsane Clown
Posse
22%
This Christian-themed group was voted worst band of the 1990s by Rolling Stone magazineCreed
19%
This TV accordion player was hated by an earlier generationLawrence Welk
9%

Score Distribution

Percentile by Number Answered

Percent of People with Each Score

Your Score History

You have not taken this quiz